Holiday Quiz

Random Holiday or Christmas Quiz

Classic Christmas Characters Quiz Stats

 Plays Quiz Updated Dec 7, 2016

Score 0/20 Timer 04:00
1 Play Today
% Correct
Rudolph
96.4%
The Grinch
94.5%
Frosty the Snowman
91%
Snoopy
90.2%
Charlie Brown
87.3%
Ebenezer Scrooge
85.8%
Little Drummer Boy
83.2%
Linus
71.9%
Buddy the Elf
69.4%
Cindy Lou Who
61.3%
% Correct
Abominable Snow Monster
48.4%
Ralphie
44.1%
Max
40.1%
George Bailey
35.5%
Heat Miser
34.4%
Yukon Cornelius
30.2%
Hermie
23.4%
Snow Miser
21%
Winter Warlock
20.4%
Burgermeister Meisterburger
19.7%

You're not logged in!

Compare scores with friends on all Sporcle quizzes.
Join for Free
OR
Log In

You Might Also Like...

Show Comments

Extras

Top Quizzes Today


Score Distribution

Your Account Isn't Verified!

In order to create a playlist on Sporcle, you need to verify the email address you used during registration. Go to your Sporcle Settings to finish the process.

Report this User

Report this user for behavior that violates our Community Guidelines.

Details: